Search the Library Catalogue
| 000 -LEADER | |
|---|---|
| fixed length control field | 00554nam a2200193Ia 4500 |
| 008 - FIXED-LENGTH DATA ELEMENTS--GENERAL INFORMATION | |
| fixed length control field | 210417s9999 xx 000 0 und d |
| 020 ## - INTERNATIONAL STANDARD BOOK NUMBER | |
| International Standard Book Number | 9781138917972 |
| -- | 1138917974 |
| 082 ## - DEWEY DECIMAL CLASSIFICATION NUMBER | |
| Classification number | 427.94134 BRO |
| Item number | 22.427.94134 BRO |
| 245 #0 - TITLE STATEMENT | |
| Title | Questions of intonation |
| Statement of responsibility, etc. | Questions of intonation |
| 250 ## - EDITION STATEMENT | |
| Remainder of edition statement | "206 p. : ill. ; 22 cm., hbk." |
| 260 ## - PUBLICATION, DISTRIBUTION, ETC. | |
| Place of publication, distribution, etc. | London |
| Name of publisher, distributor, etc. | Routledge Taylor and francis group |
| Date of publication, distribution, etc. | 2015 |
| 700 ## - ADDED ENTRY--PERSONAL NAME | |
| Personal name | "Brown, Gillian" |
| Numeration | "Gillian Brown, Karen L Currie and Joanne Kenworthy" |
| Withdrawn status | Lost status | Damaged status | Not for loan | Home library | Current library | Date acquired | Total Checkouts | Barcode | Date last seen | Price effective from | Koha item type |
|---|---|---|---|---|---|---|---|---|---|---|---|
| Anna Centenary Library | Anna Centenary Library | 17.04.2021 | 607620 | 17.04.2021 | 17.04.2021 | Books |